|
003 -Nazwa inst., której nr kontr. jest w polu 001 [,]
|
-
- @
- Nazwa instytucji, której n kontrolny jest w polu 001
- NUKAT
|
|
005 -DATA I CZAS OSTATNIEJ MODYFIKACJI [,]
|
-
- @
- pole kontrolne
- 20241231105947.0
|
|
020 -Międzynarod. znormalizowany nr książki - ISBN [ , ]
|
-
- a
- Numer ISBN
- 9788326482250
|
|
040 -Instytucja sporządzająca opis [ , ]
|
-
- a
- Instytucja, która sporządziła opis (NP)
- KR U/16ZL
-
- c
- Instytucja, która sporządziła rekord (NP)
- KR U/16ZLs
-
- d
- Instytucja, która zmodyfikowała rekord (P)
- KR U/16ZL
-
- d
- Instytucja, która zmodyfikowała rekord (P)
- WR U/PAdjm
-
- d
- Instytucja, która zmodyfikowała rekord (P)
- KR U/16ZL
|
|
942 -Rodzaj dokumentu [ , ]
|
-
- c
- Rodzaj dokumentu
- Książka
|
|
245 -Strefa tytułu i oznaczenia odpowiedzialności [1,0]
|
-
- a
- Tytuł
- System prawa pracy.
-
- n
- Oznaczenie części (P)
- T. 7,
-
- p
- Nazwa części (P)
- Zatrudnienie niepracownicze /
-
- c
- Pozostałe elementy strefy tytułu i oznaczenia odpowiedzialności (NP)
- redakcja naukowa Krzysztof W. Baran ; [autorzy] Kamil Antonów, Krzysztof W. Baran, Tomasz Duraj, Zbigniew Góral, Anna Kosut, Zdzisław Kubot, Tadeusz Kuczyński, Eliza Mazurczak-Jasińska, Jacek Męcina, Jerzy Oniszczuk, Andrzej Patulski, Michał Skąpski, Andrzej M. Świątkowski, Krzysztof Walczak, Mirosław Włodarczyk, Teresa Wyka, Alina Wypych-Żywicka.
|
|
260 -Strefa adresu wydawniczego [ , ]
|
-
- a
- Miejsce wydania (P)
- Warszawa :
-
- b
- Nazwa wydawcy (P)
- Lex a Wolters Kluwer business,
-
|
|
700 -Hasło dodatkowe - nazwa osobowa [1, ]
|
-
- a
- Nazwa osobowa (NP)
- Baran, Krzysztof W.
-
|
|
700 -Hasło dodatkowe - nazwa osobowa [1, ]
|
-
- a
- Nazwa osobowa (NP)
- Duraj, Tomasz.
-
|
|
700 -Hasło dodatkowe - nazwa osobowa [1, ]
|
-
- a
- Nazwa osobowa (NP)
- Góral, Zbigniew.
-
|
|
700 -Hasło dodatkowe - nazwa osobowa [1, ]
|
-
- a
- Nazwa osobowa (NP)
- Kosut, Anna.
-
|
|
700 -Hasło dodatkowe - nazwa osobowa [1, ]
|
-
- a
- Nazwa osobowa (NP)
- Kubot, Zdzisław
-
- d
- Daty biograficzne (NP)
- (1948- ).
-
|
|
700 -Hasło dodatkowe - nazwa osobowa [1, ]
|
-
- a
- Nazwa osobowa (NP)
- Kuczyński, Tadeusz
-
- d
- Daty biograficzne (NP)
- (1952- ).
-
|
|
700 -Hasło dodatkowe - nazwa osobowa [1, ]
|
-
- a
- Nazwa osobowa (NP)
- Mazurczak-Jasińska, Eliza.
-
|
|
700 -Hasło dodatkowe - nazwa osobowa [1, ]
|
-
- a
- Nazwa osobowa (NP)
- Męcina, Jacek Piotr
-
- d
- Daty biograficzne (NP)
- (1968- ).
-
|
|
700 -Hasło dodatkowe - nazwa osobowa [1, ]
|
-
- a
- Nazwa osobowa (NP)
- Oniszczuk, Jerzy.
-
|
|
700 -Hasło dodatkowe - nazwa osobowa [1, ]
|
-
- a
- Nazwa osobowa (NP)
- Patulski, Andrzej.
-
|
|
700 -Hasło dodatkowe - nazwa osobowa [1, ]
|
-
- a
- Nazwa osobowa (NP)
- Skąpski, Michał.
-
|
|
700 -Hasło dodatkowe - nazwa osobowa [1, ]
|
-
- a
- Nazwa osobowa (NP)
- Świątkowski, Andrzej
-
- d
- Daty biograficzne (NP)
- (1944- ).
-
|
|
700 -Hasło dodatkowe - nazwa osobowa [1, ]
|
-
- a
- Nazwa osobowa (NP)
- Walczak, Krzysztof
-
- c
- Dopowiedzenie inne niż daty biograficzne (NP)
- (prawo).
-
|
|
700 -Hasło dodatkowe - nazwa osobowa [1, ]
|
-
- a
- Nazwa osobowa (NP)
- Włodarczyk, Mirosław
-
- c
- Dopowiedzenie inne niż daty biograficzne (NP)
- (prawo).
-
|
|
700 -Hasło dodatkowe - nazwa osobowa [1, ]
|
-
- a
- Nazwa osobowa (NP)
- Wyka, Teresa.
-
|
|
700 -Hasło dodatkowe - nazwa osobowa [1, ]
|
-
- a
- Nazwa osobowa (NP)
- Wypych-Żywicka, Alina
-
- d
- Daty biograficzne (NP)
- (1957- ).
-
|
|
710 -Hasło dodatkowe - nazwa ciała zbiorowego [2, ]
|
-
- a
- Nazwa ciała zbiorowego lub nazwa geograficzna jako pierwszy element (NP)
- Wolters Kluwer Polska.
-
-
|